| 000 | 01117nam a22002777a 4500 | ||
|---|---|---|---|
| 005 | 2010101908158.0 | ||
| 008 | 101019t xxu||||| |||| 00| 0 hin d | ||
| 010 | _aHIN-93909 | ||
| 020 |
_c200.00 _a9789350007365 |
||
| 035 | _aHN-66255 | ||
| 037 | _bDBAD / PUB | ||
| 040 |
_aDPL _bHN |
||
| 082 | _a821 | ||
| 100 |
_923632 _aअविनाश कुमार |
||
| 245 |
_aपत्तो पर पाजे़ब / _cअविनाश कुमार |
||
| 246 | _aPatto par pajeb | ||
| 260 |
_aनई दिल्ली _bवाणी प्रकाशन _c2011 |
||
| 270 |
_a4695, 21-ए, दरियागंज, _bनई दिल्ली _e110002 _k0091#11#23273167 _l23275710 _mvaniprakashan@gmail.com |
||
| 300 |
_a122पृ. _c22सेमी (सजिल्द) |
||
| 650 |
_9657 _aहिन्दी कविता |
||
| 650 |
_934273 _ahindi Poetry |
||
| 700 | _934278 | ||
| 700 | _934291 | ||
| 942 |
_2ddc _cHN _h821 _mअविना |
||
| 999 |
_c56344 _d56344 |
||